Statistiques concernant Certifications de Damso

Cliquez ici pour prendre le quiz!

Statistiques générales

  • Ce quiz a été pris 74 fois
  • Le résultat moyen est 30 sur 81

Statistiques - réponses

Certification (date de la certification)Single% Correct
Disque de diamant (07/07/2017)Θ. Macarena
92%
Disque de diamant (28/04/2022)Σ. MOROSE
69%
Disque de diamant (26/01/2018)Γ. Mosaïque solitaire
69%
Disque de diamant (15/05/2020)Ipseité
68%
Disque de diamant (02/02/2018)N. J Respect R
68%
Disque d'or (24/05/2019)Julien
66%
Disque de platine (05/01/2018)Amnésie
64%
Disque de diamant (20/10/2022)Autotune
64%
Disque de platine (16/11/2018)Feu de bois
64%
Disque de platine (23/02/2018)BruxellesVie
61%
Disque de platine (06/05/2021)BXL ZOO
58%
Disque de diamant (21/04/2022)Δ. Dieu ne ment jamais
58%
Disque de diamant (29/09/2017)Ε. Signaler
58%
Disque d'or (19/12/2022)INTRO
54%
Disque de diamant (24/02/2022)Ζ. Kietu
54%
Disque d'or (16/09/2021)Π. VANTABLACK
54%
Disque de diamant (17/11/2017)Mwaka Moon
53%
Disque de platine (08/09/2022)Périscope
53%
Disque de diamant (24/02/2022)911
51%
Disque d'or (18/08/2017)Debrouillard
49%
Disque de diamant (26/01/2023)DEUX TOILES DE MER
49%
Disque de platine (28/12/2018)Smog
49%
Disque d'or (26/07/2019)Baltringue
46%
Disque de platine (02/03/2018)Lové
46%
Disque d'or (15/12/2017)Ξ. Une âme pour deux
46%
Disque de platine (05/01/2023)Υ. 2 DIAMANTS
44%
Disque d'or (23/09/2021)Humains
44%
Disque de platine (19/05/2022)LIFE LIFE
44%
Disque d'or (22/09/2017)Ι. Peur d’être père
44%
Disque de platine (30/10/2020)Silence
44%
Disque d'or (02/06/2022)Φ. THEVIE RADIO
44%
Disque de platine (23/02/2018)Vitrine
42%
Disque d'or (12/06/2020)William
42%
Disque de platine (19/01/2018)Κ. Kin la belle
41%
Disque de diamant (18/02/2021)Paris c'est loin
41%
Disque de platine (26/07/2019)Rêves bizarres
41%
Disque de diamant (14/02/2020)Tricheur
41%
Disque de diamant (30/12/2021)B. #QuedusaalVie
39%
Disque de diamant (01/12/2022)God Bless
39%
Disque de platine (13/10/2022)Gova
39%
Disque de diamant (09/03/2018)Α. Nwaar Is The New Black
37%
Disque de platine (19/05/2022)60 années
36%
Disque d'or (07/06/2019)Dix leurres
36%
Disque d'or (09/06/2022)Ρ. DOSE
36%
Disque de diamant (06/10/2022)Dégaine
32%
Disque d'or (02/06/2022)Monde
32%
Disque d'or (24/11/2017)Μ. Noob Saibot
32%
Disque d'or (17/07/2020)Festival de rêves
31%
Disque d'or (03/11/2017)Graine de sablier
31%
Disque d'or (11/08/2022)Τ. CHIALER
29%
Disque de platine (28/07/2022)Coeur en miettes
29%
Disque d'or (13/05/2021)MEVTR
29%
Disque d'or (25/11/2021)NMI
29%
Disque d'or (02/02/2023)Ο. OG
27%
Disque d'or (14/01/2021)Noir meilleur
25%
Disque d'or (06/05/2021)SENTIMENTAL
25%
Disque d'or (06/05/2021)BPM
24%
Disque d'or (19/01/2023)CQFD
24%
Disque d'or (26/05/2022)Exutoire
24%
Disque d'or (17/07/2020)Introduction (Lithopédion)
24%
Disque d'or (25/09/2020)Perplexe
24%
Disque de platine (16/03/2018)Tueurs
24%
Disque d'or (31/07/2020)Aux paradis
22%
Disque d'or (20/05/2021)Beautiful
22%
Disque d'or (12/06/2020)Même issue
22%
Disque de diamant (22/12/2017)Mobali
22%
Disque de platine (16/02/2018)113
20%
Disque d'or (04/11/2021)D'JA ROULE
20%
Disque d'or (17/11/2022)QuedelaVie
20%
Disque d'or (01/05/2020)Promo
19%
Disque d'or (08/09/2022)BODIES
15%
Disque d'or (23/12/2021)But en or
15%
Disque de platine (29/09/2022)Du mal à te dire
15%
Disque d'or (16/08/2019)TieksVie
15%
Disque de platine (16/03/2018)Noche
14%
Disque d'or (16/02/2023)Œveillé
14%
Disque d'or (02/02/2023)Pour l'argent
12%
Disque d'or (31/03/2022)ROSE MARTHE'S LOVE
12%
Disque d'or (12/01/2023)J'avais juste envie d'écrire.
10%
Disque d'or (11/08/2022)SOLITERRIEN
5%
Disque d'or (23/03/2018)Ivre
3%

Distribution des résultats

Percentile par nombre de réponses

% des personnes avec chaque résultat

Votre développement - résultats

Vous n’avez pas pris ce quiz